00536 2200205 4500001002100000005001700021008004100038020002200079035002400101040001200125082000800137090001800145100001600163245005100179250001000230260003600240300001800276850001200294990002400306YOGYA-0112000000024520120108191243.0 ind  a978-602-95394-5-5 0010-011200000000245 aYOPDYOG a813 aDEP 813 Mar P aMARIA SILVI aPositif /cMaria Silvi ; penyunting , Yuni Dwi aCet.1 aYogyakartabJogja Bangkitc2010 a235 hlmc20cm aYOPDYOG aCB.D.11 - 2010-2031